00491nam a22001457a 4500003000400000005001700004008004100021040001400062100002600076245007000102260000900172300002900181500010800210504002700318OSt20171010095447.0120620t xxu||||| |||| 00| 0 eng d aMMSUcULS aRiñen II, Edison N. aComputer-based re-loading machine prototypecEdison N. Riñen II c2007 axii, 89 leaves c28 cm.  aThesis (BS Computer Engineering) -- Mariano Marcos State University-College of Engineering, Batac City  aBibliography: leaf 64